Coulson & Richardson's Chemical Engineering: Fluid Flow, Heat Transfer and Mass Transfer V-1 / (Record no. 564290)
[ view plain ]
| 000 -LEADER | |
|---|---|
| fixed length control field | 00522nam a2200169Ia 4500 |
| 008 - FIXED-LENGTH DATA ELEMENTS--GENERAL INFORMATION | |
| fixed length control field | 210430s9999 xx 000 0 und d |
| 020 ## - INTERNATIONAL STANDARD BOOK NUMBER | |
| International Standard Book Number | 9780750644440 |
| 082 ## - DEWEY DECIMAL CLASSIFICATION NUMBER | |
| Classification number | 620 C 853 C |
| 100 ## - MAIN ENTRY--PERSONAL NAME | |
| Relator code | J M. Coulson, J F Richardson |
| 245 ## - TITLE STATEMENT | |
| Title | Coulson & Richardson's Chemical Engineering: Fluid Flow, Heat Transfer and Mass Transfer V-1 / |
| Remainder of title | J.m. Coulson |
| 250 ## - EDITION STATEMENT | |
| Edition statement | 6th edition |
| 260 ## - PUBLICATION, DISTRIBUTION, ETC. | |
| Place of publication, distribution, etc. | Coulson |
| Linkage | 895p |
| Name of publisher, distributor, etc. | 2009 |
| 300 ## - PHYSICAL DESCRIPTION | |
| Extent | Chemical Engineering Volum 1 |
| 650 ## - SUBJECT ADDED ENTRY--TOPICAL TERM | |
| Topical term or geographic name entry element | India |
| 9 (RLIN) | 25356 |
| 856 ## - ELECTRONIC LOCATION AND ACCESS | |
| Uniform Resource Identifier | <a href="BK">BK</a> |
| 942 ## - ADDED ENTRY ELEMENTS (KOHA) | |
| Koha item type | Book |
| Source of classification or shelving scheme | |
| Withdrawn status | Lost status | Source of classification or shelving scheme | Damaged status | Not for loan | Permanent Location | Current Location | Date acquired | Total Checkouts | Full call number | Barcode | Date last seen | Date last checked out | Price effective from | Koha item type |
|---|---|---|---|---|---|---|---|---|---|---|---|---|---|---|
| School of Chemical & Materials Engineering (SCME) | School of Chemical & Materials Engineering (SCME) | 04/30/2021 | 1 | 660 C 853 C | SCME-3488 | 10/22/2021 | 10/21/2021 | 04/30/2021 | Book |
